[Event "BIH-ch-T"]
[Site "Sarajevo"]
[Date "2013.06.16"]
[Round "2.4"]
[White "Brkic, Ante"]
[Black "Konjicanin, Muris"]
[Result "1-0"]
[WhiteElo "2584"]
[BlackElo "2286"]
[PlyCount "79"]
[EventDate "2013.06.15"]

1. e4 e6 2. d4 d5 3. Nc3 Bb4 4. e5 c5 5. a3 Bxc3+ 6. bxc3 Ne7 7. Qg4 O-O 8. Bd3
f5 9. exf6 Rxf6 10. Bg5 Rf7 11. Qh5 g6 12. Qd1 Nbc6 13. Nf3 Qa5 14. Bd2 c4 15.
Be2 Nf5 16. h4 Bd7 17. h5 Re8 18. hxg6 hxg6 19. Ng5 Rg7 20. g4 Nd6 21. Kf1 Nf7
22. Nxf7 Rxf7 23. Rh6 Rg7 24. Kg2 Rf8 25. Qh1 Kf7 26. Rh7 Rfg8 27. Rxg7+ Rxg7
28. Qh2 Qd8 29. Rh1 Qb8 30. Bf4 Qd8 31. Qh6 Qf8 32. Rh3 Rg8 33. Qh4 Ke8 34. Bg5
Qg7 35. Bf6 g5 36. Bxg7 gxh4 37. Bf6 Kf7 38. g5 e5 39. Rxh4 exd4 40. Rh7+ 1-0

[Event "BIH-ch-T"]
[Site "Sarajevo"]
[Date "2013.06.16"]
[Round "2.4"]
[White "Hodzic, Nihad"]
[Black "Dizdarevic, Emir"]
[Result "0-1"]
[WhiteElo "2286"]
[BlackElo "2515"]
[PlyCount "136"]
[EventDate "2013.06.15"]

1. d4 d5 2. Nf3 Nf6 3. c4 dxc4 4. Nc3 a6 5. a4 Nc6 6. e3 Na5 7. Ne5 Be6 8. Be2
g6 9. O-O Bg7 10. e4 Nb3 11. Rb1 Qxd4 12. Nxc4 Qxd1 13. Rxd1 Nxc1 14. Rbxc1 Bh6
15. Ra1 Bxc4 16. Bxc4 e6 17. Kf1 Bf4 18. Ne2 Bd6 19. f3 Ke7 20. g3 g5 21. Bd3
h5 22. Kg2 h4 23. Rac1 Rad8 24. f4 gxf4 25. gxf4 e5 26. Kf3 c6 27. Bc4 Nd7 28.
f5 Bb4 29. Bb3 Nc5 30. Bc2 Bd2 31. Ra1 a5 32. Ra3 Rhg8 33. Raa1 Kf6 34. Rab1
Rd7 35. Ra1 Na6 36. Rg1 Rgd8 37. Rad1 Nb4 38. Bb1 Bh6 39. Nc3 Bf4 40. h3 Rd2
41. Rxd2 Rxd2 42. Rg2 Rd8 43. Ke2 Bc1 44. b3 Bb2 45. Na2 Na6 46. Kf3 Ba3 47.
Bc2 Nc5 48. Ke3 Bb2 49. Rg4 Bd4+ 50. Ke2 Bf2 51. Rg2 Bg3 52. Rg1 Bf4 53. Rd1
Rg8 54. Rf1 Bh2 55. Kf2 Rd8 56. Ke2 Bf4 57. Rd1 Rg8 58. Rf1 Ke7 59. Nc3 Nd7 60.
Nb1 Kd6 61. Rd1+ Ke7 62. Rf1 Nf6 63. Na3 Nh5 64. Kf2 Rg3 65. Rh1 Be3+ 66. Kf1
Bd4 67. Nc4 Nf4 68. Nxa5 Rf3+ 0-1

[Event "BIH-ch-T"]
[Site "Sarajevo"]
[Date "2013.06.16"]
[Round "2.4"]
[White "Kurajica, Bojan"]
[Black "Zlobec, Srdjan"]
[Result "1-0"]
[WhiteElo "2513"]
[BlackElo "2045"]
[PlyCount "75"]
[EventDate "2013.06.15"]

1. Nf3 Nf6 2. d4 g6 3. c4 Bg7 4. g3 O-O 5. Bg2 d6 6. O-O c5 7. b3 Nc6 8. Bb2
cxd4 9. Nxd4 Bd7 10. e3 Qc8 11. Re1 Bh3 12. Bh1 a6 13. Nc3 Rb8 14. Rc1 Qd7 15.
Nxc6 bxc6 16. e4 Rfd8 17. Qe2 Ng4 18. Na4 Bxb2 19. Nxb2 h5 20. Bg2 Bxg2 21.
Kxg2 c5 22. f4 Qb7 23. h3 Nf6 24. Qf3 Kg7 25. Na4 e6 26. Rc2 Qb4 27. Ree2 Rbc8
28. Nc3 Ng8 29. g4 hxg4 30. hxg4 f6 31. Rcd2 Ne7 32. f5 e5 33. g5 gxf5 34. exf5
Rf8 35. Rxd6 Rf7 36. gxf6+ Rxf6 37. Qg3+ Kf7 38. Rxf6+ 1-0

[Event "BIH-ch-T"]
[Site "Sarajevo"]
[Date "2013.06.16"]
[Round "2.4"]
[White "Mehmedovic, Mirza"]
[Black "Vukic, Milan"]
[Result "0-1"]
[WhiteElo "2225"]
[BlackElo "2388"]
[PlyCount "88"]
[EventDate "2013.06.15"]

1. e4 c5 2. c3 d5 3. exd5 Qxd5 4. Nf3 e6 5. Na3 Nf6 6. d4 Nc6 7. Be3 Ng4 8. Nc4
cxd4 9. Nxd4 Nxd4 10. Bxd4 Nf6 11. Qe2 Qe4 12. O-O-O Qxe2 13. Bxe2 Be7 14. f4
O-O 15. Bf3 Nd5 16. g3 b6 17. Nd2 Ba6 18. Rhe1 Rad8 19. a3 Rfe8 20. Kc2 Bf8 21.
f5 Bc8 22. Nc4 Ne7 23. f6 Nf5 24. Be5 Ba6 25. Ne3 Nxe3+ 26. Rxe3 Rxd1 27. Bxd1
gxf6 28. Bxf6 Bg7 29. Bxg7 Kxg7 30. Bf3 f5 31. g4 f4 32. Re4 e5 33. Ra4 Bc8 34.
Rxa7+ Kf6 35. Kd3 h5 36. h3 hxg4 37. hxg4 Be6 38. Ke4 Bb3 39. Be2 Bc2+ 40. Kf3
Rh8 41. Rb7 Rh2 42. Bc4 Kg5 43. Rg7+ Bg6 44. Bf7 e4# 0-1

[Event "BIH-ch-T"]
[Site "Sarajevo"]
[Date "2013.06.16"]
[Round "2.4"]
[White "Bogut, Zeljko"]
[Black "Colpa, Husein"]
[Result "1-0"]
[WhiteElo "2437"]
[BlackElo "1952"]
[PlyCount "67"]
[EventDate "2013.06.15"]

1. e4 c5 2. Nf3 Nc6 3. Bb5 Qc7 4. O-O e6 5. Re1 a6 6. Bf1 b5 7. c3 c4 8. b3
cxb3 9. axb3 Bb7 10. d4 Nce7 11. d5 Ng6 12. c4 b4 13. Bb2 e5 14. h4 d6 15. h5
Nf4 16. g3 Nxh5 17. Nxe5 Nxg3 18. Nxf7 Qxf7 19. fxg3 Qg6 20. Qd3 h5 21. e5 Qxd3
22. exd6+ Kf7 23. Bxd3 Bxd6 24. Re6 Bc5+ 25. Kg2 Nf6 26. Bxf6 Rh6 27. Ra5 Bf8
28. Rb6 Rb8 29. Bd4 Rxb6 30. Bxb6 Re8 31. Bf2 g5 32. Nd2 g4 33. Ne4 Be7 34. Bc5
1-0

[Event "BIH-ch-T"]
[Site "Sarajevo"]
[Date "2013.06.16"]
[Round "2.5"]
[White "Bogosavljevic, Boban"]
[Black "Jankovic, Alojzije"]
[Result "1/2-1/2"]
[WhiteElo "2548"]
[BlackElo "2559"]
[PlyCount "28"]
[EventDate "2013.06.15"]

1. d4 d5 2. c4 e6 3. Nf3 Nf6 4. e3 c5 5. dxc5 Bxc5 6. a3 a6 7. b4 Ba7 8. Bb2
dxc4 9. Qxd8+ Kxd8 10. Bxc4 Ke7 11. Nbd2 Nc6 12. Ke2 Bd7 13. Rac1 Rac8 14. Rhd1
Rhd8 1/2-1/2

[Event "BIH-ch-T"]
[Site "Sarajevo"]
[Date "2013.06.16"]
[Round "2.5"]
[White "Rasidovic, Sead"]
[Black "Bilic, Vladimir"]
[Result "1/2-1/2"]
[WhiteElo "2381"]
[BlackElo "2290"]
[PlyCount "20"]
[EventDate "2013.06.15"]

1. e4 e5 2. Nf3 Nc6 3. Bb5 a6 4. Ba4 Nf6 5. O-O Be7 6. Re1 b5 7. Bb3 d6 8. c3
O-O 9. a4 Bb7 10. d3 Na5 1/2-1/2

[Event "BIH-ch-T"]
[Site "Sarajevo"]
[Date "2013.06.17"]
[Round "3.1"]
[White "Jankovic, Alojzije"]
[Black "Tadic, Branko"]
[Result "1/2-1/2"]
[WhiteElo "2559"]
[BlackElo "2513"]
[PlyCount "57"]
[EventDate "2013.06.15"]

1. d4 d6 2. Nf3 Nf6 3. c4 g6 4. Nc3 Bg7 5. e4 O-O 6. Be2 Bg4 7. Be3 Nc6 8. d5
Bxf3 9. Bxf3 Ne5 10. Be2 c6 11. f4 Ned7 12. O-O Qa5 13. a3 Rfc8 14. b4 Qd8 15.
Rc1 a5 16. Qb3 axb4 17. axb4 c5 18. e5 dxe5 19. fxe5 Nxe5 20. Bxc5 Bh6 21. Ra1
Rxa1 22. Rxa1 Nfg4 23. Ne4 b6 24. Bd4 Qc7 25. Qg3 f5 26. Nf2 Bg7 27. Bxg4 Nxg4
28. Qxc7 Rxc7 29. Bxg7 1/2-1/2

[Event "BIH-ch-T"]
[Site "Sarajevo"]
[Date "2013.06.17"]
[Round "3.1"]
[White "Miljkovic, Miroslav D"]
[Black "Kosic, Dragan"]
[Result "1/2-1/2"]
[WhiteElo "2462"]
[BlackElo "2501"]
[PlyCount "104"]
[EventDate "2013.06.15"]

1. d4 Nf6 2. c4 e6 3. Nf3 Bb4+ 4. Bd2 Bxd2+ 5. Qxd2 O-O 6. Nc3 d5 7. Qf4 Nbd7
8. e3 a6 9. Rd1 c6 10. Bd3 dxc4 11. Bxc4 Nd5 12. Qe4 N7f6 13. Qc2 b5 14. Be2
Bb7 15. Ne5 c5 16. dxc5 Qc7 17. Nxd5 Bxd5 18. Nf3 Qa5+ 19. Qd2 Qxa2 20. O-O Ne4
21. Qd4 Qa4 22. Bd3 Nf6 23. Ra1 Qxd4 24. Nxd4 Nd7 25. Rfc1 Ne5 26. Be2 Rfc8 27.
b4 Bc4 28. f4 Bxe2 29. fxe5 Bc4 30. Ra5 f6 31. exf6 gxf6 32. Rca1 Rd8 33. Rxa6
Rxa6 34. Rxa6 e5 35. Nf3 Kf7 36. Ra7+ Ke6 37. Rxh7 Rd1+ 38. Kf2 Bd5 39. h4 Rb1
40. h5 Rxb4 41. h6 Be4 42. Ra7 Bxf3 43. Kxf3 Rh4 44. Ra6+ Kf5 45. Rb6 Rxh6 46.
Rxb5 Rh4 47. Rb6 Rc4 48. e4+ Kg5 49. Rc6 Rc3+ 50. Ke2 Kf4 51. Rxf6+ Kxe4 52.
Rc6 Rc2+ 1/2-1/2

[Event "BIH-ch-T"]
[Site "Sarajevo"]
[Date "2013.06.17"]
[Round "3.1"]
[White "Bejtovic, Jasmin"]
[Black "Trkulja, Goran"]
[Result "1-0"]
[WhiteElo "2397"]
[BlackElo "2390"]
[PlyCount "159"]
[EventDate "2013.06.15"]

1. e4 c5 2. d3 Nc6 3. g3 d5 4. Nd2 Nf6 5. Bg2 Bg4 6. Ngf3 dxe4 7. dxe4 Qd7 8.
h3 Bh5 9. O-O O-O-O 10. Re1 e6 11. c3 Bxf3 12. Qxf3 Ne5 13. Qe2 Qd3 14. Qxd3
Nxd3 15. Re2 e5 16. a4 Ne8 17. Nc4 Be7 18. h4 Nxc1 19. Rxc1 f6 20. Ne3 Nc7 21.
Rec2 g6 22. b4 Kb8 23. b5 Bf8 24. Nc4 Bh6 25. Rb1 Ne8 26. Bf1 Nd6 27. Nxd6 Rxd6
28. Bc4 f5 29. Bd5 fxe4 30. Bxe4 Rhd8 31. Kg2 Rd2 32. Rxd2 Rxd2 33. Kf3 Ra2 34.
h5 Rxa4 35. hxg6 hxg6 36. b6 Bd2 37. bxa7+ Rxa7 38. c4 g5 39. Kg4 Kc7 40. Kf5
b6 41. Kxe5 Ra2 42. Ke6 Bc3 43. f3 Rh2 44. Kf5 Bd2 45. Rb2 Rf2 46. Ra2 Rh2 47.
Ra7+ Kc8 48. Rg7 Rh6 49. Bd5 Rd6 50. Be6+ Kd8 51. Rb7 Be1 52. Bd5 Kc8 53. Rf7
Bxg3 54. Kxg5 Kd8 55. Kg4 Bf2 56. Kf5 Bd4 57. Be6 Bc3 58. Rf8+ Ke7 59. Rb8 Bd4
60. Rb7+ Kd8 61. Bd5 Kc8 62. Rf7 Kd8 63. Ke4 Rf6 64. Rb7 Kc8 65. f4 Kd8 66. f5
Kc8 67. Rh7 Rd6 68. Rf7 Bc3 69. Kf4 Kd8 70. Be6 Rd1 71. Rb7 Rf1+ 72. Ke4 Ba5
73. Kd5 Ke8 74. Kd6 Kf8 75. Rf7+ Kg8 76. f6 Bc3 77. Rg7+ Kh8 78. Rg8+ Kh7 79.
f7 Bg7 80. Ke7 1-0

[Event "BIH-ch-T"]
[Site "Sarajevo"]
[Date "2013.06.17"]
[Round "3.1"]
[White "Sutkovic, Damir"]
[Black "Rasidovic, Sead"]
[Result "0-1"]
[WhiteElo "2331"]
[BlackElo "2381"]
[PlyCount "78"]
[EventDate "2013.06.15"]

1. d4 e6 2. g3 f5 3. Bg2 Nf6 4. Nh3 Be7 5. c4 O-O 6. O-O Qe8 7. Nc3 d6 8. Nf4
Bd8 9. e4 e5 10. dxe5 dxe5 11. Nfd5 Nxe4 12. Nxe4 fxe4 13. Bxe4 c6 14. Nc3 Be6
15. b3 Bb6 16. Ba3 Rf6 17. c5 Ba5 18. b4 Bc7 19. Bc1 Nd7 20. Bg5 Rf8 21. Qe2
Nf6 22. Bg2 Qf7 23. Rfd1 Bg4 24. f3 Be6 25. Bxf6 gxf6 26. Ne4 Bd5 27. g4 f5 28.
Ng3 Bc4 29. Qc2 fxg4 30. fxg4 Be6 31. h3 Qf4 32. Ne4 Rad8 33. Rf1 Qe3+ 34. Kh1
Kg7 35. Rxf8 Rxf8 36. Rf1 Rxf1+ 37. Bxf1 Bxa2 38. Qxa2 Qxe4+ 39. Bg2 Qe1+ 0-1

[Event "BIH-ch-T"]
[Site "Sarajevo"]
[Date "2013.06.17"]
[Round "3.1"]
[White "Galic, Zeljko"]
[Black "Muratovic, Enver"]
[Result "1/2-1/2"]
[WhiteElo "2300"]
[BlackElo "2289"]
[PlyCount "118"]
[EventDate "2013.06.15"]

1. c4 e6 2. Nf3 b6 3. e3 Bb7 4. b3 Qf6 5. Nc3 Bxf3 6. Qxf3 Qxf3 7. gxf3 Be7 8.
f4 c6 9. Bb2 f6 10. Rg1 Kf7 11. Bh3 Nh6 12. Ke2 Na6 13. d4 Rac8 14. Rac1 Rhd8
15. Rgd1 f5 16. Bg2 Nb8 17. d5 Bd6 18. Rd3 Ke7 19. Na4 cxd5 20. cxd5 Rxc1 21.
Bxc1 Rc8 22. Bb2 Rc2+ 23. Rd2 Rxd2+ 24. Kxd2 g6 25. dxe6 dxe6 26. h3 Nf7 27.
Nc3 Nd7 28. Nb5 Bb4+ 29. Ke2 a5 30. Nd4 Bc5 31. Kd3 Nd6 32. Nc6+ Ke8 33. a3 Nb5
34. b4 axb4 35. axb4 Bd6 36. Kc4 Nc7 37. Bd4 b5+ 38. Kb3 Na6 39. Bf1 Nc7 40.
Na7 Nd5 41. Bc3 Nxc3 42. Kxc3 Nf6 43. Bxb5+ Kd8 44. Bc6 h6 45. Nb5 Bb8 46. Nd4
Ke7 47. Bf3 Bd6 48. h4 Nd7 49. Kc4 h5 50. Nc6+ Kf6 51. Kb5 e5 52. fxe5+ Nxe5
53. Nxe5 Kxe5 54. Bc6 Be7 55. f4+ Ke6 56. Be8 Bxh4 57. Kc4 g5 58. Kd3 gxf4 59.
exf4 Be7 1/2-1/2

[Event "BIH-ch-T"]
[Site "Sarajevo"]
[Date "2013.06.17"]
[Round "3.1"]
[White "Miskic, Sejfudin"]
[Black "Terzic, Ilijas"]
[Result "1/2-1/2"]
[WhiteElo "2159"]
[BlackElo "2213"]
[PlyCount "48"]
[EventDate "2013.06.15"]

1. c4 e6 2. d4 Nf6 3. Nf3 Bb4+ 4. Bd2 Qe7 5. a3 Bxd2+ 6. Qxd2 a5 7. Nc3 d6 8.
e3 e5 9. d5 Nbd7 10. Qc2 Nc5 11. b3 g6 12. Nd2 O-O 13. Be2 Bd7 14. O-O b6 15.
b4 Nb7 16. Rfe1 Ne8 17. e4 f5 18. Nb5 Kh8 19. f3 h5 20. Nb3 a4 21. Nd2 h4 22.
Bf1 Qg7 23. Qd3 Rf7 24. h3 Kh7 1/2-1/2

[Event "BIH-ch-T"]
[Site "Sarajevo"]
[Date "2013.06.17"]
[Round "3.2"]
[White "Palac, Mladen"]
[Black "Bogosavljevic, Boban"]
[Result "1/2-1/2"]
[WhiteElo "2560"]
[BlackElo "2548"]
[PlyCount "33"]
[EventDate "2013.06.15"]

1. e4 c5 2. Nf3 e6 3. d4 cxd4 4. Nxd4 Nf6 5. Nc3 Nc6 6. Ndb5 Bb4 7. a3 Bxc3+ 8.
Nxc3 d5 9. exd5 exd5 10. Bd3 O-O 11. O-O d4 12. Ne2 Bg4 13. f3 Bh5 14. Bg5 Bg6
15. b4 a6 16. Qd2 Rc8 17. Rad1 1/2-1/2

[Event "BIH-ch-T"]
[Site "Sarajevo"]
[Date "2013.06.17"]
[Round "3.2"]
[White "Kovacevic, Aleksandar"]
[Black "Brkic, Ante"]
[Result "1/2-1/2"]
[WhiteElo "2557"]
[BlackElo "2584"]
[PlyCount "182"]
[EventDate "2013.06.15"]

1. e4 e5 2. Nf3 Nc6 3. Bb5 a6 4. Bxc6 dxc6 5. O-O Be6 6. Nc3 Qd6 7. d3 f6 8. d4
exd4 9. Nxd4 Bc4 10. Re1 O-O-O 11. Be3 c5 12. Nf5 Qxd1 13. Raxd1 Rxd1 14. Rxd1
g6 15. Ng3 Bd6 16. b3 Be6 17. Na4 Bxg3 18. hxg3 b6 19. Nxb6+ cxb6 20. Rd6 Bd7
21. Rxb6 Kc7 22. Rxa6 Bc6 23. Bxc5 Bxe4 24. c4 Nh6 25. Rxf6 Ra8 26. f3 Bb1 27.
Be3 Nf5 28. Bf4+ Kb7 29. Rf7+ Kc6 30. Rc7+ Kb6 31. a4 Bc2 32. c5+ Ka6 33. Rc6+
Ka7 34. Rc7+ Ka6 35. b4 Bxa4 36. Rxh7 Bc6 37. g4 Nd4 38. Be5 Nxf3+ 39. gxf3
Bxf3 40. Rf7 Bxg4 41. Rf6+ Kb5 42. Rxg6 Kxb4 43. Rxg4+ Kxc5 44. Kf2 Kd5 45. Bf4
Ke4 46. Be3+ Kf5 47. Kf3 Rc8 48. Rg5+ Kf6 49. Rb5 Rc4 50. Bf4 Ke6 51. Ke3 Ra4
52. Be5 Rc4 53. Bd4 Rc1 54. Ke4 Rc6 55. Rh5 Kd6 56. Rh7 Ke6 57. Rg7 Kd6 58. Rg5
Ke6 59. Bc5 Kf7 60. Kd5 Rg6 61. Rh5 Rg2 62. Bd4 Kg6 63. Rh8 Kf5 64. Rf8+ Kg4
65. Ke4 Re2+ 66. Be3 Rg2 67. Bf2 Kh3 68. Rh8+ Kg4 69. Be3 Kg3 70. Rf8 Kg4 71.
Bf2 Kh3 72. Ke3 Rg6 73. Kf3 Rg3+ 74. Ke2 Rg6 75. Rf4 Rg4 76. Rf3+ Kg2 77. Be3
Rg6 78. Rf1 Kh3 79. Kf3 Rg3+ 80. Ke4 Rg2 81. Bf4 Kg4 82. Rh1 Re2+ 83. Be3 Rg2
84. Rh7 Kg3 85. Rf7 Kg4 86. Bf2 Kh3 87. Ke3 Rg6 88. Kf3 Rg3+ 89. Ke2 Rg6 90.
Kf1 Kg4 91. Kg2 Re6 1/2-1/2

[Event "BIH-ch-T"]
[Site "Sarajevo"]
[Date "2013.06.17"]
[Round "3.2"]
[White "Bilic, Vladimir"]
[Black "Kurajica, Bojan"]
[Result "0-1"]
[WhiteElo "2290"]
[BlackElo "2513"]
[PlyCount "96"]
[EventDate "2013.06.15"]

1. Nf3 Nf6 2. c4 e6 3. g3 a6 4. Bg2 b5 5. b3 d5 6. O-O dxc4 7. bxc4 Bb7 8. Qb3
Nbd7 9. d4 Rb8 10. Rd1 bxc4 11. Qxc4 Nb6 12. Qd3 c5 13. dxc5 Qxd3 14. Rxd3 Bxc5
15. Ba3 Bxa3 16. Nxa3 Ke7 17. Ne5 Nfd7 18. Nxd7 Nxd7 19. Bxb7 Rxb7 20. Rc1 Rhb8
21. f3 g5 22. Kf2 Ne5 23. Rd2 Rb2 24. Rc7+ Kf6 25. Rcc2 Rxc2 26. Rxc2 Rb4 27.
h3 h5 28. Rc3 Ra4 29. e3 h4 30. gxh4 Rxh4 31. Kg3 Ra4 32. Kf2 Ng6 33. Kg3 Kg7
34. Rb3 f5 35. Rc3 f4+ 36. Kf2 fxe3+ 37. Rxe3 Nf4 38. Kg3 Kf6 39. Rb3 Kg6 40.
Re3 Rd4 41. Nb1 Rd1 42. Rb3 Rg1+ 43. Kf2 Rg2+ 44. Ke3 Re2+ 45. Kd4 Rxa2 46. Rb6
Kf7 47. Nc3 Rd2+ 48. Kc4 Rc2 0-1

[Event "BIH-ch-T"]
[Site "Sarajevo"]
[Date "2013.06.17"]
[Round "3.3"]
[White "Sedlak, Nikola"]
[Black "Kamberovic, Senad"]
[Result "1-0"]
[WhiteElo "2571"]
[BlackElo "2255"]
[PlyCount "45"]
[EventDate "2013.06.15"]

1. e4 c6 2. d4 d5 3. e5 Bf5 4. c4 Bxb1 5. Rxb1 dxc4 6. Bxc4 e6 7. Nf3 Bb4+ 8.
Kf1 Ne7 9. h4 Nd7 10. a3 Ba5 11. h5 h6 12. g3 Bc7 13. Kg2 Nb6 14. Bd3 Nbd5 15.
Nd2 Bxe5 16. dxe5 Ne3+ 17. fxe3 Qxd3 18. e4 O-O-O 19. Qf3 Qb5 20. b3 Rd3 21. a4
Qa6 22. Qxf7 Rhd8 23. Nc4 1-0

[Event "BIH-ch-T"]
[Site "Sarajevo"]
[Date "2013.06.17"]
[Round "3.3"]
[White "Konjicanin, Muris"]
[Black "Popovic, Dusan"]
[Result "0-1"]
[WhiteElo "2286"]
[BlackElo "2562"]
[PlyCount "114"]
[EventDate "2013.06.15"]

1. d4 Nf6 2. c4 g6 3. Nc3 Bg7 4. Nf3 d6 5. e4 O-O 6. Be2 e5 7. O-O Nc6 8. d5
Ne7 9. Ne1 Nd7 10. f3 f5 11. g4 Nf6 12. Be3 b6 13. Nd3 Kh8 14. h3 c6 15. Qd2
Bb7 16. Rac1 b5 17. b3 a5 18. g5 Nh5 19. dxc6 Nxc6 20. Nxb5 Ng3 21. Bf2 Nxf1
22. Bxf1 fxe4 23. fxe4 Nd4 24. Nxd4 exd4 25. Bg2 Re8 26. Re1 Re7 27. Nf4 Qb6
28. Ne2 Qb4 29. Qd3 Rf8 30. Rf1 Qc5 31. h4 Ref7 32. Bxd4 Bxd4+ 33. Qxd4+ Qxd4+
34. Nxd4 Rxf1+ 35. Bxf1 Bxe4 36. Bg2 Rf4 37. Bxe4 Rxe4 38. Nc6 a4 39. Kf2 Rxh4
40. Kg3 Rh1 41. Kf4 Rh2 42. bxa4 Rh4+ 43. Ke3 Rxc4 44. Nd8 Rxa4 45. Nf7+ Kg7
46. Nxd6 Rxa2 47. Kf4 Ra4+ 48. Ke5 h5 49. gxh6+ Kxh6 50. Ne4 Rxe4+ 51. Kxe4 Kg5
52. Kf3 Kh4 53. Kf2 Kh3 54. Kf3 g5 55. Kf2 g4 56. Kg1 Kg3 57. Kh1 Kf2 0-1

[Event "BIH-ch-T"]
[Site "Sarajevo"]
[Date "2013.06.17"]
[Round "3.3"]
[White "Jakovljevic, Vlado"]
[Black "Hodzic, Nihad"]
[Result "1-0"]
[WhiteElo "2440"]
[BlackElo "2286"]
[PlyCount "79"]
[EventDate "2013.06.15"]

1. Nf3 d6 2. d4 f5 3. c4 Nf6 4. b3 g6 5. Bb2 Bg7 6. g3 O-O 7. Bg2 Na6 8. O-O
Rb8 9. Nbd2 b5 10. d5 Bd7 11. Nd4 bxc4 12. Nxc4 Nb4 13. Nc2 c5 14. dxc6 Bxc6
15. Bxc6 Nxc6 16. Bxf6 Rxf6 17. N2e3 Kh8 18. Rc1 Qd7 19. Qd2 g5 20. Na5 Nxa5
21. Qxa5 f4 22. Nd5 Rf5 23. Qc7 Qxc7 24. Nxc7 fxg3 25. hxg3 Bd4 26. e3 Bb6 27.
Kg2 Kg8 28. Rfd1 g4 29. Nd5 Kf7 30. Rc4 h5 31. Rf4 Rxf4 32. Nxf4 Rh8 33. Rc1
Kf6 34. Rc6 Bc5 35. b4 Bb6 36. a4 Kf7 37. a5 Bd8 38. Ra6 h4 39. gxh4 Rxh4 40.
Rxa7 1-0

[Event "BIH-ch-T"]
[Site "Sarajevo"]
[Date "2013.06.17"]
[Round "3.3"]
[White "Zlobec, Srdjan"]
[Black "Goric, Esad"]
[Result "1/2-1/2"]
[WhiteElo "2045"]
[BlackElo "2321"]
[PlyCount "57"]
[EventDate "2013.06.15"]

1. d4 c5 2. e3 e6 3. Nf3 Nf6 4. b3 Be7 5. Bb2 O-O 6. Bd3 d5 7. O-O Nc6 8. a3 b6
9. Nbd2 Bb7 10. Qe2 cxd4 11. exd4 Bd6 12. Ne5 Ne7 13. Rad1 Rc8 14. f4 Qc7 15.
Rf3 Ne4 16. Rh3 f5 17. Ndf3 h6 18. Kh1 Rf6 19. Rg1 Ng6 20. Bc1 Bxe5 21. fxe5
Rff8 22. g4 f4 23. g5 h5 24. Rxh5 Qf7 25. Rh3 Qf5 26. Rh5 Qf7 27. Rh3 Qf5 28.
Rh5 Qf7 29. Rh3 1/2-1/2

[Event "BIH-ch-T"]
[Site "Sarajevo"]
[Date "2013.06.17"]
[Round "3.3"]
[White "Stojanovic, Dobrisav"]
[Black "Mehmedovic, Mirza"]
[Result "1-0"]
[WhiteElo "2361"]
[BlackElo "2225"]
[PlyCount "130"]
[EventDate "2013.06.15"]

1. d4 g6 2. c4 d6 3. Nc3 Bg7 4. e4 Nc6 5. Nge2 Nf6 6. f3 O-O 7. Bg5 h6 8. Be3
e5 9. d5 Ne7 10. g4 c6 11. Qd2 Kh7 12. Ng3 c5 13. h4 Nfg8 14. h5 g5 15. Bd3 Nf6
16. a3 Ne8 17. b4 b6 18. Kf2 Bf6 19. Rhb1 Bd7 20. a4 a5 21. bxa5 bxa5 22. Rb3
Nc7 23. Nb5 Nc8 24. Nxc7 Qxc7 25. Qb2 Ra7 26. Ne2 Bd8 27. Nc3 Nb6 28. Qa3 f6
29. Rab1 Ra6 30. Bd2 Rf7 31. Be2 Be8 32. Qa2 Kg7 33. Nb5 Qb8 34. Qa3 Rb7 35.
Nc3 Qc7 36. Qa2 Kf7 37. Be3 Ke7 38. Qa3 Qc8 39. R3b2 Raa7 40. Qb3 Bd7 41. Bd3
Ra8 42. Be2 Ra6 43. Qa2 Ra8 44. Rb3 Ra6 45. R1b2 Be8 46. Qb1 Bd7 47. Bd2 Be8
48. Qa2 Bd7 49. Rb1 Ra8 50. R3b2 Raa7 51. Bd1 Ra8 52. Bc2 Ra6 53. Nd1 Raa7 54.
Ne3 Na8 55. Rb5 Rxb5 56. Rxb5 Bb6 57. Qb1 Qa6 58. Bd3 Kd8 59. Ke2 Kc8 60. Bc2
Rb7 61. Qe1 Ra7 62. Bc3 Nc7 63. Qb1 Rb7 64. Qe1 Ra7 65. Bd3 Ra8 1-0

[Event "BIH-ch-T"]
[Site "Sarajevo"]
[Date "2013.06.17"]
[Round "3.3"]
[White "Alihodzic, Muzafer"]
[Black "Narancic, Vlado"]
[Result "1-0"]
[WhiteElo "2074"]
[BlackElo "2329"]
[PlyCount "49"]
[EventDate "2013.06.15"]

1. e4 d6 2. g3 g6 3. Bg2 Bg7 4. Ne2 c6 5. O-O e5 6. d3 Nf6 7. Nbc3 O-O 8. h3
Nbd7 9. Bg5 Nc5 10. Qd2 Ne6 11. Bh6 Nh5 12. Kh2 f5 13. exf5 gxf5 14. Bxg7 Kxg7
15. d4 f4 16. Bf3 Qg5 17. gxf4 Qh4 18. Bxh5 Nxf4 19. Nxf4 Rxf4 20. Qe3 Qxh5 21.
Rg1+ Kh8 22. Rg3 Rxd4 23. Ne4 Bf5 24. Nxd6 Bxh3 25. Rg5 1-0

[Event "BIH-ch-T"]
[Site "Sarajevo"]
[Date "2013.06.17"]
[Round "3.4"]
[White "Savic, Miodrag R"]
[Black "Erdos, Viktor"]
[Result "0-1"]
[WhiteElo "2529"]
[BlackElo "2645"]
[PlyCount "128"]
[EventDate "2013.06.15"]

1. e4 e5 2. Nf3 Nc6 3. Bb5 a6 4. Ba4 Nf6 5. O-O b5 6. Bb3 Bc5 7. c3 d6 8. h3
O-O 9. Re1 h6 10. d3 Bb6 11. Nbd2 Ne7 12. Nf1 Ng6 13. Ng3 Re8 14. Bd2 Be6 15.
Bxe6 Rxe6 16. a4 d5 17. Qc1 Rb8 18. axb5 axb5 19. Nf5 dxe4 20. dxe4 Qd3 21. Qb1
Qc4 22. g3 Rd8 23. Kg2 Ne7 24. Be3 Bxe3 25. Nxe7+ Rxe7 26. Rxe3 Qc6 27. Qc2 g6
28. Rae1 Kg7 29. Qb3 Rd6 30. Qc2 Nd7 31. Rd1 Nc5 32. Rxd6 cxd6 33. b4 Na4 34.
Ng1 Nb6 35. Kh2 d5 36. Qd3 dxe4 37. Qxe4 Qxe4 38. Rxe4 Nd5 39. Nf3 f6 40. c4
bxc4 41. Rxc4 Rb7 42. Rc1 Kf7 43. Ra1 g5 44. Rb1 h5 45. b5 Nc3 46. Rb3 Nxb5 47.
Nd2 Nd6 48. Rxb7+ Nxb7 49. Kg2 Nc5 50. f4 exf4 51. gxf4 gxf4 52. Kf3 Ne6 53. h4
f5 54. Nc4 Ke7 55. Ne5 Kf6 56. Nc6 Nf8 57. Kxf4 Ng6+ 58. Kg3 f4+ 59. Kh3 Kf5
60. Na5 Ne5 61. Nb3 Ke4 62. Kg2 Ke3 63. Kf1 Nf3 64. Na5 Nd2+ 0-1

[Event "BIH-ch-T"]
[Site "Sarajevo"]
[Date "2013.06.17"]
[Round "3.4"]
[White "Perunovic, Milos"]
[Black "Tomic, Bosko"]
[Result "1-0"]
[WhiteElo "2628"]
[BlackElo "2430"]
[PlyCount "65"]
[EventDate "2013.06.15"]

1. e4 c5 2. Nf3 e6 3. d4 cxd4 4. Nxd4 a6 5. Nc3 Qc7 6. Qf3 Nf6 7. Bg5 Qe5 8.
Be3 Bb4 9. O-O-O Bxc3 10. bxc3 Qxe4 11. Qg3 O-O 12. Bd3 Qd5 13. Nf3 Qh5 14. Bg5
Nd5 15. c4 Nb4 16. Be7 Nxd3+ 17. Rxd3 Re8 18. Bd6 Nc6 19. c5 f6 20. Re1 Qf5 21.
Nh4 Qh5 22. f4 b6 23. cxb6 Bb7 24. Qf2 a5 25. g4 Qb5 26. a3 Ra6 27. g5 f5 28.
g6 h6 29. Bc5 Nb4 30. axb4 axb4 31. Nxf5 Ra1+ 32. Kd2 Rxe1 33. Nd6 1-0

[Event "BIH-ch-T"]
[Site "Sarajevo"]
[Date "2013.06.17"]
[Round "3.4"]
[White "Djukic, Boris"]
[Black "Predojevic, Borki"]
[Result "0-1"]
[WhiteElo "2280"]
[BlackElo "2616"]
[PlyCount "100"]
[EventDate "2013.06.15"]

1. d4 Nf6 2. c4 e6 3. Nf3 c5 4. Nc3 cxd4 5. Nxd4 a6 6. e4 Qc7 7. Be2 b6 8. Be3
Bb7 9. f3 Be7 10. O-O O-O 11. Rc1 d6 12. Qe1 Nbd7 13. Qf2 Rac8 14. g4 Qd8 15.
g5 Nh5 16. h4 g6 17. f4 e5 18. Nc2 Nxf4 19. Bxf4 exf4 20. Nd5 Bxd5 21. exd5 Ne5
22. Nd4 h6 23. h5 Bxg5 24. Rc3 Qf6 25. hxg6 Nxg6 26. Nf3 Rce8 27. Bd1 Re3 28.
Rb3 Kh8 29. Rxb6 Bh4 30. Nxh4 Nxh4 31. Qxf4 Rg8+ 32. Bg4 Qxf4 33. Rxf4 Rg3+ 34.
Kh2 R3xg4 35. Rxg4 Rxg4 36. Rxd6 Kg7 37. c5 a5 38. Ra6 a4 39. b3 axb3 40. axb3
Rg5 41. b4 Nf3+ 42. Kh3 Rxd5 43. Rb6 Ng5+ 44. Kg3 Ne6 45. Kf3 h5 46. c6 h4 47.
Rb7 Rd3+ 48. Kf2 h3 49. b5 Rd2+ 50. Kg1 Ng5 0-1

[Event "BIH-ch-T"]
[Site "Sarajevo"]
[Date "2013.06.17"]
[Round "3.4"]
[White "Jefic, Srdjan"]
[Black "Saric, Ibro"]
[Result "1-0"]
[WhiteElo "2166"]
[BlackElo "2572"]
[PlyCount "119"]
[EventDate "2013.06.15"]

1. e4 c5 2. Nf3 d6 3. d4 cxd4 4. Nxd4 Nf6 5. Nc3 a6 6. Be3 e5 7. Nb3 Be6 8. f4
exf4 9. Bxf4 Nc6 10. h3 Rc8 11. Qd2 d5 12. exd5 Nxd5 13. Nxd5 Bxd5 14. O-O-O
Nb4 15. Kb1 Be7 16. a3 Bxb3 17. Qxd8+ Rxd8 18. Rxd8+ Bxd8 19. cxb3 Nd5 20. Bd2
Bf6 21. Bc4 Ne7 22. Re1 b5 23. Bd5 O-O 24. Bb7 Rb8 25. Bxa6 Rb6 26. Bc8 h5 27.
Bb4 Nxc8 28. Re8+ Kh7 29. Rxc8 Kg6 30. Rc2 Kf5 31. Bc5 Ra6 32. Bf2 Ke4 33. Rc5
Be5 34. Rxb5 Rg6 35. Rb4+ Kd3 36. g4 Rf6 37. Rb5 Ke4 38. Bc5 Rf1+ 39. Ka2 Rh1
40. a4 Rh2 41. Ba3 Rxh3 42. gxh5 f5 43. a5 Rxh5 44. a6 Bd4 45. Bc5 Bxc5 46.
Rxc5 Rh8 47. b4 f4 48. b5 Ra8 49. Rc7 g5 50. a7 f3 51. b6 f2 52. Rc1 Kd5 53.
Kb3 f1=Q 54. Rxf1 Kc6 55. Rf6+ Kb7 56. Kb4 Re8 57. Ka5 Re5+ 58. Ka4 Re8 59. b4
Re1 60. Ka5 1-0